00410nam a2200181Ia 4500003000400000005001700004008004100021020001800062040000700080041000800087082001900095100002000114245002400134250000600158260003600164300001500200365001300215OSt20230427105444.0210423s2012 xx 000 0 und d a9780749464080 cAL aeng a650.1 WILU223 aWILLIAMS (Lynn) aUltimate job search a3 aNew DelhibKogan Page Ltdc2012 aix,244bPB b295cINR